000 00429nam a2200181Ia 4500
001 16377
005 20260306170305.0
008 260306t2008||||xx |||||||||||||| ||und||
041 _aESP
082 _a348.55
_bB26
100 _aBasterra, Marcela I.
_eAUT
245 0 _aProteccion de datos personales
260 _c2008
300 _a624 páginas :
_c22 cm.
650 _aGEN
654 _aCDE
942 _cLIB
_dJUS
_fJUS
_2ddc
_n
999 _c16377
_d16377